000
00333nam a2200133Ia 4500
008
100328s9999 xx 000 0 und d
082
_b
16772
100
_a
Strengtth Britain Gathees
245
_a
The Penguin Hansard
260
_b
Penguin Books
630
_a
The Penguin Hansard
730
_a
The Penguin Hansard
942
_c
BOOK
999
_c
511407
_d
511404